000 00733nam a2200217Ii 4500
003 JO-AjNU
008 230605s9999||||xx |||||||||||||| ||und||
017 _a2000/6727
020 _a1110-8142
040 _aJO-AjNU
_bara
_erda
_cJO-AjNU
041 _aara
050 1 4 _aBF128 2000
100 3 _aحنفي، سهير عبد السلام,
_eauthor
_945403
245 0 0 _aالهندسة الإجتماعية وأصولها المعرفية والمنهجية عند كارل بوبر
264 3 1 _aحلوان: جامعة حلوان، 2000
300 _a153ص
336 _atext
_btxt
_2rdacontent
337 _aunmediated
_bn
_2rdamedia
338 _avolume
_bnc
_2rdacarrier
650 4 _aالسلوك- جوانب نفسية
_945404
999 _aA19678
_c23246
_d23246